Nguyễn Ái Quốc và vụ án Hồng Kông năm 1931

Uloženo v:
Podrobná bibliografie
Hlavní autor: Nguyễn, Văn Khoan
Médium: Kniha
Jazyk:Undetermined
Vydáno: Tp. HCM Trẻ 2004
Témata:
Tagy: Přidat tag
Žádné tagy, Buďte první, kdo otaguje tento záznam!
Thư viện lưu trữ: Trung tâm Học liệu Trường Đại học Cần Thơ
LEADER 00560nam a2200205Ia 4500
001 CTU_59202
008 210402s9999 xx 000 0 und d
020 |b 10000 
082 |a 324.2075092 
082 |b Kh406 
100 |a Nguyễn, Văn Khoan 
245 0 |a Nguyễn Ái Quốc và vụ án Hồng Kông năm 1931 
245 0 |c Nguyễn Văn Khoan 
260 |a Tp. HCM 
260 |b Trẻ 
260 |c 2004 
650 |a Ho Chi Minh 
650 |x Biography 
904 |i Minh 
980 |a Trung tâm Học liệu Trường Đại học Cần Thơ